Countries That Use the Most Robots - Statistics

General Stats
  • This quiz has been taken 53 times
  • The average score is 8 of 10
Answer Stats
Estimated no. of robots Answer % Correct
783,358 China
100%
299,631 United States
100%
354,878 Japan
98%
221,547 Germany
90%
300,197 South Korea
84%
42,019 France
82%
36,716 Spain
80%
74,420 Italy
76%
37,275 Mexico
53%
71,782 Taiwan
53%
No matching quizzes found
Score Distribution
Percent of People with Each Score
Percentile by Number Answered
Your Score History
You have not taken this quiz